02028nam a2200313 a 4500001001000000003000900010005001700019007000300036008004100039040002600080082002400106100004000130100004700170100004400217100004600261245009200307260005600399300002100455500007400476504007400550505080500624590002501429650003101454650003801485910004101523942001201564952012101576999001701697000016698DO-SdBNP20231120123413.0ta100309s1974 dr 000 0 spa d aDO-SdBNPbspacBPMSU  4a465bB171a 19742221 a Balaguer, Joaquín,d1906-200292z aBalaguer y Ricardo, Joaquín,d 1906-2002z aBalaguer Ricardo, Joaquín,d1906-2002z aRicardo, Joaquín Balaguer y,d1906-200210aApuntes para una historia prosódica de la métrica castellana /cJoaquín Balaguer. aSanto Domingo :bTalleres Fuentes Impresores,c1974 a269 p. ;c24 cm. aIncluye datos biográficos del autor en las solapas de las cubierta. aIncluye referencias bibliográficas y notas al pie de las páginas.0 aPrefacio.tLas ideas de Nebrija acerca de la versificación castellana.--tLa verdadera teoría de verso de arte mayor.--tLa doctrina de Andrés Bello.--tLa teoría de Hansen.--tTeoría de Morel Fatio.--tLa teoría de Foulché Delbosc.--tCarácter indígena del arte mayor.--gI (109). -II (123). III (132).tEvolución del verso de arte mayor.--tDel arte de Juan de Mena al de Rubén Darío.--tEl endecasílabo de arte mayor y el endecasílabo italiano.--tPalabras con dos acentos rítmicos.--tLa acentuación de los monosílabos en la versificación castellana. gI (205).-II (216).tLa dislocación del acento en el verso castellano.--tEn torno a un pretendido vicio prosódico de los poetas hispanos americanos.gI (245) .-II (253) .-III (256) .-IV (263) .- V (267). aInventariado 2023/VM 4aEspañolxVersificación 4aVersificaciónxArte de Escribir a VMateo V. control de calidad. BPMSU 2ddccBK 00102ddc40708CDaBPMETbBPMETd2023-11-20l0oBPMSU CD 465 B171a 1974pBPMSU23110013r2023-11-20w2023-11-20yBK c14492d14492